000 00492nam a2200181Ia 4500
008 240925s9999 xx 000 0 und d
020 _a9788120340190
082 _a005.73 GOP
100 _aGopal, Arpita
245 0 _aMagnifying Data Structures
250 _aNA
260 _aNew Delhi:
_bPHI Learning
_c,2010.
300 _axxii,1022p.
_b0
_fOriginal
500 _aIncludes Index
600 _aComputer Science
650 _aComputer science, information & general works
942 _cBK
999 _c12499
_d12499